[Event "3rd 4NCL Easter Congress"]
[Site "Mercure Daventry Court Hotel"]
[Date "2023.04.08"]
[Round "2"]
[Board "11"]
[White "Morris, Nigel W"]
[Black "Dhingra, Kanvansh"]
[Result "1/2-1/2"]
[WhiteElo "1366"]
[BlackElo "1420"]
[PlyCount "87"]
[EventDate "2023.04.07"]
[EventRounds "7"]
[EventCountry "ENG"]

1. d4 d5 2. Nf3 e6 3. e3 f5 4. c4 c6 5. Nc3 Nf6 6. a3 Bd6 7. Be2 Ne4 8. Qc2 O-O 9.
b4 Nd7 10. Bb2 Ndf6 11. c5 Bc7 12. b5 Bd7 13. a4 Ba5 14. O-O Qe7 15. Ne5 Qe8 16.
Nb1 Bc7 17. f3 Ng5 18. Na3 Nf7 19. Bc3 b6 20. cxb6 axb6 21. Nxd7 Qxd7 22. Bb4 Rfc8
23. bxc6 Qe8 24. Bb5 Ng5 25. Rac1 Qh5 26. f4 Nge4 27. Rf3 Qg4 28. Qe2 h5 29. Ba6
Re8 30. Nb5 Rxa6 31. Nxc7 Rxa4 32. Nxe8 Nxe8 33. c7 Nxc7 34. Rxc7 Rxb4 35. Qc2 b5
36. Rb7 Rc4 37. Qb2 b4 38. Rxb4 Rc3 39. Rb3 Rc4 40. Rf1 h4 41. h3 Qg3 42. Qe2 Qg6
43. Rfb1 Nc3 44. Rxc3  1/2-1/2

[Event "3rd 4NCL Easter Congress"]
[Site "Mercure Daventry Court Hotel"]
[Date "2023.04.08"]
[Round "2"]
[Board "12"]
[White "Smith, Adam"]
[Black "Dargue, Peter W"]
[Result "1-0"]
[WhiteElo "1598"]
[BlackElo "1339"]
[PlyCount "87"]
[EventDate "2023.04.07"]
[EventRounds "7"]
[EventCountry "ENG"]

1. e4 c6 2. d4 d5 3. Nc3 dxe4 4. Nxe4 Nf6 5. Ng3 e6 6. Nf3 Bd6 7. Bd2 O-O 8. Bd3
b6 9. Qe2 Nbd7 10. Ne4 Bc7 11. Bb4 Re8 12. Nd6 Bxd6 13. Bxd6 Nf8 14. Ba3 Ng6 15.
Rd1 Nf4 16. Qe5 Nxd3+ 17. Rxd3 Qd5 18. b3 Qxe5+ 19. Nxe5 Bb7 20. O-O Rad8 21. Nc4
Ba6 22. Bb2 Bxc4 23. bxc4 c5 24. d5 Ne4 25. f4 Nd6 26. Rg3 g6 27. Bf6 Ne4 28. Bxd8
Nxg3 29. hxg3 Rxd8 30. Rd1 exd5 31. cxd5 c4 32. Kf2 f5 33. Ke3 Kf7 34. Kd4 b5 35.
Kc5 a6 36. Re1 Re8 37. Rxe8 Kxe8 38. Kb6 Kd7 39. Kxa6 Kd6 40. Kxb5 Kxd5 41. a4 c3
42. a5 Kd6 43. Kb6 Kd7 44. a6  1-0

[Event "3rd 4NCL Easter Congress"]
[Site "Mercure Daventry Court Hotel"]
[Date "2023.04.08"]
[Round "2"]
[Board "13"]
[White "Spirling, Florence"]
[Black "Wright, Benjamin"]
[Result "0-1"]
[WhiteElo "1114"]
[BlackElo "1586"]
[PlyCount "116"]
[EventDate "2023.04.07"]
[EventRounds "7"]
[EventCountry "ENG"]

1. d4 d5 2. c4 c6 3. Nc3 Bf5 4. Qb3 Qb6 5. Qxb6 axb6 6. cxd5 Nf6 7. dxc6 bxc6 8.
Bg5 Nbd7 9. Nf3 e6 10. Bxf6 gxf6 11. Nh4 Bg6 12. Nxg6 hxg6 13. g3 c5 14. Bg2 Ra5
15. dxc5 Rxc5 16. O-O Ne5 17. Rac1 Bh6 18. e3 Nd3 19. Rc2 Ke7 20. Rd1 Ne5 21. Rcd2
f5 22. Na4 Rb5 23. b3 Rc8 24. h3 g5 25. f4 g4 26. Kf2 gxh3 27. Bxh3 Ng4+ 28. Bxg4
fxg4 29. Rd7+ Kf6 30. R7d6 Rc2+ 31. R1d2 Rxd2+ 32. Rxd2 Bf8 33. Rc2 Rh5 34. Kg2 b5
35. Nc3 Kg6 36. Ne4 Rd5 37. Nf2 f5 38. Kf1 Bb4 39. Ke2 Kf6 40. Nd3 Bd6 41. b4 e5
42. fxe5+ Bxe5 43. Nxe5 Kxe5 44. Rc5 Rxc5 45. bxc5 Kd5 46. Kd3 Kxc5 47. e4 fxe4+
48. Kxe4 Kb4 49. Kd4 Ka3 50. Kc5 Kxa2 51. Kxb5 Kb3 52. Kc5 Kc3 53. Kd5 Kd3 54. Ke5
Ke3 55. Kf5 Kf3 56. Kg5 Kxg3 57. Kf5 Kf3 58. Kg5 g3  0-1

[Event "3rd 4NCL Easter Congress"]
[Site "Mercure Daventry Court Hotel"]
[Date "2023.04.08"]
[Round "2"]
[Board "14"]
[White "Buckell, David J"]
[Black "Reghu, Jyothika Ullukaranparambil"]
[Result "1-0"]
[WhiteElo "1504"]
[BlackElo "1400"]
[PlyCount "164"]
[EventDate "2023.04.07"]
[EventRounds "7"]
[EventCountry "ENG"]

1. c4 e5 2. Nc3 f5 3. g3 Nf6 4. Bg2 c6 5. d4 e4 6. f3 d5 7. cxd5 cxd5 8. fxe4 fxe4
9. Bg5 Bb4 10. e3 O-O 11. Nge2 Bg4 12. O-O Nc6 13. Qb3 Bxc3 14. Nxc3 Na5 15. Qb5
a6 16. Bxf6 axb5 17. Bxd8 Rfxd8 18. Rf4 Bh5 19. b3 b4 20. Nb5 Rac8 21. Rf2 b6 22.
Bh3 Rc6 23. Bg2 Ra8 24. Raf1 Nb7 25. Ra1 Nd6 26. Nxd6 Rxd6 27. Rc1 Rf6 28. Rcc2 Rxf2
29. Kxf2 Rf8+ 30. Ke1 g5 31. Rc6 Ra8 32. Rc2 Bf3 33. Bh3 h5 34. Be6+ Kg7 35. Bxd5
Ra7 36. Bc4 Kf6 37. Be2 g4 38. Bf1 Ke7 39. Kd2 Kd6 40. Kc1 Rf7 41. Bb5 Ra7 42. Kb2
Rb7 43. Rc6+ Ke7 44. Rh6 Rc7 45. Rh7+ Kd6 46. Rxc7 Kxc7 47. a3 bxa3+ 48. Kxa3 Kd8
49. Kb4 Bd1 50. Bc4 Kc7 51. Kb5 Bc2 52. Kb4 Kd6 53. Bf7 Bd3 54. Bxh5 Be2 55. Kc3
Bd1 56. Bg6 Kd5 57. Bf7+ Kd6 58. b4 b5 59. Bg8 Be2 60. Bh7 Kd5 61. Bf5 Bf3 62. Bd7
Be2 63. h3 gxh3 64. Bxh3 Bh5 65. Bf5 Be8 66. g4 Bc6 67. g5 Kd6 68. g6 Ke7 69. d5
Bxd5 70. Kd4 Bc6 71. Bxe4 Bxe4 72. Kxe4 Kf6 73. Kd5 Kxg6 74. e4 Kf6 75. e5+ Ke7 76.
Kc6 Ke6 77. Kxb5 Kxe5 78. Kc6 Ke6 79. Kc7 Kd5 80. b5 Kc5 81. b6 Kd5 82. b7 Kd4  1-0

[Event "3rd 4NCL Easter Congress"]
[Site "Mercure Daventry Court Hotel"]
[Date "2023.04.08"]
[Round "2"]
[Board "15"]
[White "Scorer, David M"]
[Black "Loyden, Gary"]
[Result "1/2-1/2"]
[WhiteElo "1269"]
[BlackElo "1444"]
[PlyCount "108"]
[EventDate "2023.04.07"]
[EventRounds "7"]
[EventCountry "ENG"]

1. d4 d5 2. Nf3 Nf6 3. e3 e6 4. Bd3 c5 5. c3 Nc6 6. Nbd2 Be7 7. O-O b6 8. Qe2 O-O
9. dxc5 bxc5 10. Rd1 Qc7 11. Nf1 Bb7 12. Ng3 Bd6 13. b3 Ne5 14. Nxe5 Bxe5 15. Bb2
Rac8 16. Rac1 c4 17. bxc4 dxc4 18. Bb1 Qc6 19. e4 Bxg3 20. hxg3 Nxe4 21. Bxe4 Qxe4
22. Qxe4 Bxe4 23. Rd7 Ra8 24. Ba3 Rfd8 25. Rcd1 Bd5 26. Rc7 a6 27. Rb1 Rac8 28. Rxc8
Rxc8 29. Rb6 Ra8 30. f3 g6 31. Kf2 h5 32. Bc1 Kg7 33. Be3 f6 34. Ke2 g5 35. a3 Kg6
36. Bd2 a5 37. Rb5 a4 38. Rb4 Kf5 39. Be3 Ra6 40. Bf2 e5 41. Be1 Be6 42. Bd2 Kg6
43. Be3 g4 44. Bf2 f5 45. Be3 Kf6 46. Bd2 e4 47. Rb5 exf3+ 48. gxf3 gxf3+ 49. Kxf3
Rd6 50. Be3 Rd3 51. Ra5 Rxc3 52. Rxa4 Rc2 53. Bd4+ Kg6 54. Ra7 Bf7  1/2-1/2

[Event "3rd 4NCL Easter Congress"]
[Site "Mercure Daventry Court Hotel"]
[Date "2023.04.08"]
[Round "2"]
[Board "16"]
[White "Tomy, Jake"]
[Black "Homer, Neil S"]
[Result "0-1"]
[WhiteElo "1306"]
[BlackElo "1574"]
[PlyCount "98"]
[EventDate "2023.04.07"]
[EventRounds "7"]
[EventCountry "ENG"]

1. e4 c6 2. d4 d5 3. exd5 cxd5 4. Bd3 Nc6 5. c3 Qc7 6. Nd2 Nf6 7. Ngf3 Bg4 8. h3
Bh5 9. O-O e6 10. Re1 Bd6 11. b3 O-O 12. Qc2 Bg6 13. Bxg6 hxg6 14. Qd3 Rad8 15. Bb2
Rfe8 16. Rac1 Qb8 17. a3 Bf4 18. Rc2 e5 19. dxe5 Nxe5 20. Nxe5 Bxe5 21. Nf3 Bc7 22.
Rce2 Rxe2 23. Rxe2 Re8 24. Rxe8+ Qxe8 25. c4 dxc4 26. Qxc4 Qd8 27. Bxf6 Qd1+ 28.
Qf1 Qxf1+ 29. Kxf1 gxf6 30. Ke2 Kf8 31. g3 Ke7 32. Nd2 Ke6 33. Ke3 Kd5 34. Kd3 b5
35. Ne4 Be5 36. f3 g5 37. a4 bxa4 38. bxa4 a5 39. Nc3+ Bxc3 40. Kxc3 Kc5 41. f4 Kd5
42. fxg5 fxg5 43. Kd3 f6 44. Ke3 Kc4 45. Ke4 Kb4 46. Kd4 Kxa4 47. Kc4 Ka3 48. Kb5
a4 49. Kc4 Kb2  0-1

[Event "3rd 4NCL Easter Congress"]
[Site "Mercure Daventry Court Hotel"]
[Date "2023.04.08"]
[Round "2"]
[Board "17"]
[White "Jerome, Stellio"]
[Black "Borissow, Alastair"]
[Result "1-0"]
[WhiteElo "1512"]
[BlackElo "1346"]
[PlyCount "57"]
[EventDate "2023.04.07"]
[EventRounds "7"]
[EventCountry "ENG"]

1. g4 d5 2. h3 c6 3. Bg2 e5 4. d4 Nd7 5. e4 Ngf6 6. Bg5 Qb6 7. dxe5 Qxb2 8. Nd2 Qxe5
9. Ngf3 Qc3 10. exd5 Nxd5 11. O-O h6 12. Re1+ Be7 13. Ne4 Qa3 14. Bxe7 Kxe7 15. c4
Nf4 16. Re3 Qb4 17. Rb1 Qa5 18. Qd6+ Kd8 19. Qxf4 Rf8 20. Rd1 Qc7 21. Nd6 f6 22.
Rde1 Ne5 23. Nxe5 Bd7 24. Nef7+ Rxf7 25. Nxf7+ Kc8 26. Re8+ Bxe8 27. Rxe8+ Kd7 28.
Qxc7+ Kxc7 29. Rxa8  1-0

[Event "3rd 4NCL Easter Congress"]
[Site "Mercure Daventry Court Hotel"]
[Date "2023.04.08"]
[Round "2"]
[Board "18"]
[White "Mikalajunas, Mindaugas"]
[Black "Sartain, Patrick P"]
[Result "0-1"]
[WhiteElo "1286"]
[BlackElo "1424"]
[PlyCount "76"]
[EventDate "2023.04.07"]
[EventRounds "7"]
[EventCountry "ENG"]

1. e4 e5 2. Nf3 d6 3. d4 exd4 4. Nxd4 Nf6 5. Nc3 c6 6. Bf4 Be7 7. Bc4 O-O 8. O-O
b5 9. Bd3 b4 10. Nb1 c5 11. Nf3 Bb7 12. e5 Nh5 13. Bg3 Nxg3 14. hxg3 dxe5 15. Nxe5
Bf6 16. Nc4 Qd5 17. Ne3 Qc6 18. c3 Re8 19. Qc2 g6 20. Re1 a5 21. f3 Nd7 22. Nd2 Qc7
23. Be4 Bxe4 24. Nxe4 Be5 25. f4 Bg7 26. Nd5 Qc6 27. Rad1 f5 28. Nef6+ Bxf6 29. Rxe8+
Rxe8 30. cxb4 Qb7 31. Qc4 Kg7 32. bxc5 Qxb2 33. c6 Nb6 34. Nxb6 Qxb6+ 35. Kh2 Kh6
36. Rd7 Re1 37. Rxh7+ Kxh7 38. Qf7+ Bg7  0-1

[Event "3rd 4NCL Easter Congress"]
[Site "Mercure Daventry Court Hotel"]
[Date "2023.04.08"]
[Round "2"]
[Board "19"]
[White "Dong, Ethan"]
[Black "Walker, Heather Enid"]
[Result "1-0"]
[WhiteElo "1500"]
[BlackElo "1273"]
[PlyCount "93"]
[EventDate "2023.04.07"]
[EventRounds "7"]
[EventCountry "ENG"]

1. d4 b5 2. e3 Nf6 3. Nf3 c6 4. c4 d6 5. cxb5 Nbd7 6. Be2 cxb5 7. Bxb5 g6 8. O-O
Bg7 9. Nc3 O-O 10. Bc6 Rb8 11. Ne4 Nxe4 12. Bxe4 f5 13. Bd5+ Kh8 14. Ng5 Nf6 15.
Be6 Qe8 16. Bxc8 Rxc8 17. Ne6 Rg8 18. Bd2 Qd7 19. Nxg7 Kxg7 20. Bc3 d5 21. Bb4 Qc7
22. Rc1 Qb7 23. Qa4 Rxc1 24. Rxc1 Kf7 25. f3 a6 26. Qa3 Re8 27. b3 Qb5 28. Kf2 h5
29. Qa5 h4 30. Qxb5 axb5 31. Rc5 Rb8 32. Rc7 Re8 33. Rb7 Ng8 34. Rxb5 Rc8 35. Rc5
Rxc5 36. Bxc5 Nf6 37. a4 Ke8 38. a5 Kd7 39. b4 e6 40. a6 Ne8 41. b5 Nc7 42. a7 Na8
43. b6 Kc8 44. g3 g5 45. f4 gxf4 46. gxh4 Kb7 47. h5  1-0

[Event "3rd 4NCL Easter Congress"]
[Site "Mercure Daventry Court Hotel"]
[Date "2023.04.08"]
[Round "2"]
[Board "20"]
[White "Collins, Nigel"]
[Black "Bangalore Kumar, Rohith"]
[Result "1-0"]
[WhiteElo "1454"]
[BlackElo "1228"]
[PlyCount "113"]
[EventDate "2023.04.07"]
[EventRounds "7"]
[EventCountry "ENG"]

1. c4 e5 2. Nc3 c6 3. e4 Nf6 4. g3 d5 5. cxd5 cxd5 6. exd5 Nxd5 7. Bg2 Be6 8. Qa4+
Nc6 9. Qb5 Nxc3 10. Bxc6+ bxc6 11. Qxc6+ Bd7 12. Qxc3 Qf6 13. Ne2 Bd6 14. O-O O-O
15. Qe3 Bc6 16. d4 Qf3 17. Qxf3 Bxf3 18. Nc3 exd4 19. Nb5 Bc5 20. Bf4 Be2 21. Rfc1
Bb6 22. Nc7 Rad8 23. a4 Bxc7 24. Bxc7 Rd7 25. Ba5 d3 26. Bd2 h6 27. f4 Rb8 28. b4
a5 29. b5 Ra8 30. Rc5 f6 31. b6 Rb8 32. Rxa5 Rxb6 33. Rb5 Rxb5 34. axb5 Rb7 35. Rb1
Kf7 36. b6 Ke6 37. Be3 Kf5 38. Rc1 Ke4 39. Kf2 g5 40. Rc7 Rxc7 41. bxc7 Bg4 42. Bd2
gxf4 43. Bxf4 h5 44. Kg2 Bc8 45. Kf2 f5 46. Be3 Kd5 47. Ke1 Kc6 48. Bf4 Kc5 49. Kd2
Kc4 50. Be3 Bb7 51. Bf4 Bc8 52. Be5 Kd5 53. Bf4 Ke4 54. Be3 Kf3 55. Kxd3 Kg2 56.
Bf4 Kxh2 57. g4+  1-0

[Event "3rd 4NCL Easter Congress"]
[Site "Mercure Daventry Court Hotel"]
[Date "2023.04.08"]
[Round "2"]
[Board "21"]
[White "Goldsmith, Jennifer"]
[Black "Liu, Murray"]
[Result "1-0"]
[WhiteElo "1281"]
[BlackElo "1166"]
[PlyCount "173"]
[EventDate "2023.04.07"]
[EventRounds "7"]
[EventCountry "ENG"]

1. c4 Nf6 2. Nc3 e6 3. g3 Nc6 4. Bg2 d5 5. cxd5 exd5 6. d4 Bb4 7. e3 Ne4 8. Nge2
Bg4 9. Bd2 Nxd2 10. Qxd2 Na5 11. O-O Nc4 12. Qc2 c6 13. h3 Bh5 14. a3 Ba5 15. b3
Nd6 16. b4 Bb6 17. Rfe1 O-O 18. Nf4 Bg6 19. Nxg6 fxg6 20. Rad1 Nc4 21. Qa2 a5 22.
b5 Qd6 23. a4 Qb4 24. Rc1 Rf6 25. Nxd5 cxd5 26. Bxd5+ Kh8 27. Qxc4 Qf8 28. Rf1 Qd6
29. Bxb7 Raf8 30. Bg2 Ba7 31. Qc6 Qa3 32. Qc2 Bb8 33. Ra1 Qe7 34. Rae1 Bd6 35. Qe4
Qd7 36. Qc6 Qe7 37. Qc2 Qa7 38. Rd1 Qe7 39. e4 Bb4 40. e5 Rb6 41. Rd3 Qd7 42. Rf3
Rc8 43. Qd3 Rc3 44. Qd1 Rc4 45. d5 Rb8 46. Rf4 Rxf4 47. gxf4 Rf8 48. Qf3 g5 49. e6
Qd6 50. f5 Bc5 51. Qg4 h6 52. Be4 Bb6 53. Kg2 Bc7 54. Qg3 Qd8 55. Qc3 Qd6 56. Qg3
Qd8 57. Qc3 Qd6 58. Rh1 Qf4 59. Qe3 Qd6 60. Qd3 Qf4 61. Qd4 Be5 62. Qe3 Qh4 63. Qd3
g4 64. Qe2 gxh3+ 65. Rxh3 Qg5+ 66. Kf1 Qc1+ 67. Qe1 Qc4+ 68. Qe2 Qc1+ 69. Kg2 Qg5+
70. Rg3 Bxg3 71. fxg3 h5 72. Kh3 Rd8 73. Qf3 Kg8 74. Qf4 Qf6 75. Qh4 Qf8 76. Qxh5
Qf6 77. Qg6 Qe5 78. f6 Qxf6 79. Qxf6 gxf6 80. g4 Kg7 81. Kg3 Rd6 82. Kf4 Kf8 83.
Kf5 Kg7 84. g5 fxg5 85. Kxg5 Rb6 86. d6 Kg8 87. Bc6  1-0

[Event "3rd 4NCL Easter Congress"]
[Site "Mercure Daventry Court Hotel"]
[Date "2023.04.08"]
[Round "2"]
[Board "22"]
[White "Mehmood, Muhammed"]
[Black "Gunarathne, Miheli"]
[Result "1-0"]
[WhiteElo "1387"]
[BlackElo "873"]
[PlyCount "57"]
[EventDate "2023.04.07"]
[EventRounds "7"]
[EventCountry "ENG"]

1. d4 d5 2. c4 e6 3. Nc3 Nf6 4. Nf3 Nc6 5. Bg5 Be7 6. e3 O-O 7. cxd5 Nxd5 8. Bxe7
Qxe7 9. Bd3 f5 10. Nxd5 exd5 11. O-O Qf6 12. Qb3 Kh8 13. Qxd5 Nb4 14. Qb3 Nxd3 15.
Qxd3 a6 16. Ne5 Qg5 17. Qc4 Qf6 18. Qxc7 Be6 19. Qxb7 Rfb8 20. Qc6 Rc8 21. Qa4 Rcb8
22. Qc2 f4 23. b3 Qg5 24. exf4 Qxf4 25. Qd3 Rb4 26. Qe3 Qf5 27. Qf3 Qg5 28. Qxa8+
Bg8 29. Nf7#  1-0

[Event "3rd 4NCL Easter Congress"]
[Site "Mercure Daventry Court Hotel"]
[Date "2023.04.08"]
[Round "2"]
[Board "23"]
[White "Merrifield, Peter"]
[Black "Sahoo, Shivam"]
[Result "1/2-1/2"]
[WhiteElo "1076"]
[BlackElo "1377"]
[PlyCount "77"]
[EventDate "2023.04.07"]
[EventRounds "7"]
[EventCountry "ENG"]

1. e4 c6 2. d4 d5 3. exd5 cxd5 4. Nc3 Nf6 5. Nf3 Nc6 6. Be2 Bf5 7. a3 g6 8. O-O Bg7
9. Re1 O-O 10. Bd3 Bg4 11. Be2 Re8 12. h3 Bf5 13. Bd3 Bxd3 14. Qxd3 Qb6 15. b4 Nd7
16. Be3 a6 17. Na4 Qc7 18. Nc5 a5 19. Nxd7 Qxd7 20. b5 Nd8 21. a4 f6 22. Rec1 e5
23. Nd2 Nf7 24. c4 exd4 25. Qxd4 f5 26. Qxd5 Qxd5 27. cxd5 Bxa1 28. Rxa1 Nd6 29.
Bh6 Re2 30. Nf3 Ne4 31. Rc1 Nd6 32. Rc7 Ree8 33. Ng5 Rac8 34. Rg7+ Kh8 35. Rxh7+
Kg8 36. Rg7+ Kh8 37. Rh7+ Kg8 38. Rg7+ Kh8 39. Rh7+  1/2-1/2

[Event "3rd 4NCL Easter Congress"]
[Site "Mercure Daventry Court Hotel"]
[Date "2023.04.08"]
[Round "3"]
[Board "1"]
[White "Neil, Graham"]
[Black "Whittington, Reece W"]
[Result "1/2-1/2"]
[WhiteElo "1578"]
[BlackElo "1589"]
[PlyCount "47"]
[EventDate "2023.04.07"]
[EventRounds "7"]
[EventCountry "ENG"]

1. d4 g6 2. Bf4 Bg7 3. Nf3 c5 4. e3 d5 5. c3 cxd4 6. exd4 Bd7 7. Qb3 Qb6 8. Qxb6
axb6 9. Na3 Nf6 10. Bc7 O-O 11. Bxb6 Rc8 12. Bc5 Na6 13. Bxa6 Rxa6 14. O-O Re8 15.
Rfe1 Ne4 16. Bb4 e6 17. Re2 Rea8 18. Nd2 Nxd2 19. Rxd2 b5 20. Re2 Ra4 21. g3 Bxd4
22. Nc2 Bg7 23. a3 R4a6 24. Rd1  1/2-1/2

[Event "3rd 4NCL Easter Congress"]
[Site "Mercure Daventry Court Hotel"]
[Date "2023.04.08"]
[Round "3"]
[Board "2"]
[White "Gilbert, David J"]
[Black "Craddock-Monroe, Harvey"]
[Result "1-0"]
[WhiteElo "1552"]
[BlackElo "1545"]
[PlyCount "101"]
[EventDate "2023.04.07"]
[EventRounds "7"]
[EventCountry "ENG"]

1. c4 d6 2. g3 c6 3. Bg2 f5 4. d3 e5 5. Nc3 Nf6 6. Nf3 Be7 7. e4 O-O 8. Qb3 Kh8 9.
exf5 Qb6 10. Qxb6 axb6 11. d4 exd4 12. Nxd4 Ra5 13. O-O Nbd7 14. b4 Ra7 15. Re1 Bd8
16. Bf4 Ra3 17. Rac1 Re8 18. Rxe8+ Nxe8 19. Ne4 Bf6 20. Nxf6 Ndxf6 21. Ne6 Rxa2 22.
Be3 c5 23. b5 Ng4 24. Bd5 Nef6 25. h3 Nxe3 26. fxe3 Nxd5 27. cxd5 Rd2 28. Ra1 Kg8
29. Ra8 Rxd5 30. Rxc8+ Kf7 31. g4 Rd2 32. Rc7+ Kf6 33. Rxg7 h5 34. Rg6+ Ke5 35. Ng7
c4 36. Re6+ Kd5 37. Ne8 c3 38. Nf6+ Kc4 39. Re8 c2 40. Rc8+ Kxb5 41. Rxc2 Rxc2 42.
Nxh5 Re2 43. f6 Rxe3 44. Kg2 Re8 45. g5 Re5 46. h4 Kc6 47. f7 Rf5 48. g6 Kd7 49.
g7 Rxf7 50. g8=Q Re7 51. Nf6+  1-0

[Event "3rd 4NCL Easter Congress"]
[Site "Mercure Daventry Court Hotel"]
[Date "2023.04.08"]
[Round "3"]
[Board "3"]
[White "Maher, Mike P"]
[Black "Vaidyanathan, Sathya"]
[Result "0-1"]
[WhiteElo "1594"]
[BlackElo "1325"]
[PlyCount "88"]
[EventDate "2023.04.07"]
[EventRounds "7"]
[EventCountry "ENG"]

1. d4 d5 2. Bg5 Nc6 3. Nf3 Nf6 4. Bxf6 exf6 5. e3 a6 6. c4 Be6 7. Nc3 Bb4 8. Qb3
Bxc3+ 9. Qxc3 dxc4 10. Bxc4 Bxc4 11. Qxc4 Qd6 12. O-O O-O 13. Rfc1 Rac8 14. a3 Rfd8
15. b4 Qd5 16. Qd3 Ne5 17. Nxe5 fxe5 18. Rc5 Qd6 19. Rd1 exd4 20. Rh5 g6 21. Rh4
dxe3 22. Rd4 exf2+ 23. Kf1 Qxd4 24. Qxd4 Rxd4 25. Rxd4 Kf8 26. Kxf2 Ke7 27. Ke3 Rd8
28. Re4+ Kf6 29. a4 Rd7 30. g4 h6 31. h4 c6 32. b5 cxb5 33. axb5 axb5 34. g5+ hxg5
35. hxg5+ Kxg5 36. Re5+ f5 37. Rxb5 Rc7 38. Kd4 Kg4 39. Ke5 f4 40. Kd6 Rf7 41. Ke6
Rf5 42. Rxb7 f3 43. Rg7 Kf4 44. Rh7 f2  0-1

[Event "3rd 4NCL Easter Congress"]
[Site "Mercure Daventry Court Hotel"]
[Date "2023.04.08"]
[Round "3"]
[Board "4"]
[White "Robinson, Martyn"]
[Black "Buckell, David J"]
[Result "1/2-1/2"]
[WhiteElo "1639"]
[BlackElo "1504"]
[PlyCount "61"]
[EventDate "2023.04.07"]
[EventRounds "7"]
[EventCountry "ENG"]

1. d4 d5 2. c4 e6 3. Nf3 Nf6 4. Bg5 Nbd7 5. e3 c6 6. Nc3 Qa5 7. Qa4 Qxa4 8. Nxa4
dxc4 9. Nc3 b5 10. a4 Bb4 11. Be2 Bb7 12. O-O Bxc3 13. bxc3 Ne4 14. Rfc1 O-O 15.
Be7 Rfe8 16. Bb4 a6 17. Ne5 Nxe5 18. dxe5 Rad8 19. Rd1 c5 20. Ba5 Rd2 21. Rxd2 Nxd2
22. Rd1 Nb3 23. Bb6 Bc6 24. a5 Bd5 25. f3 f5 26. exf6 gxf6 27. e4 Bb7 28. Kf2 Bc8
29. Ke3 Kg7 30. f4 h6 31. g3  1/2-1/2

[Event "3rd 4NCL Easter Congress"]
[Site "Mercure Daventry Court Hotel"]
[Date "2023.04.08"]
[Round "3"]
[Board "5"]
[White "Gibbs, John"]
[Black "Duffell, Andrew"]
[Result "1-0"]
[WhiteElo "1636"]
[BlackElo "1383"]
[PlyCount "91"]
[EventDate "2023.04.07"]
[EventRounds "7"]
[EventCountry "ENG"]

1. e4 c5 2. Nf3 e6 3. d4 cxd4 4. Nxd4 a6 5. Nc3 Qc7 6. a3 Nf6 7. Bd3 Nc6 8. Nf3 Bd6
9. Bg5 Ne5 10. Bxf6 gxf6 11. g3 b6 12. Qe2 Bb7 13. Nd2 Nxd3+ 14. Qxd3 b5 15. O-O
h5 16. h4 Rg8 17. Ne2 Rg4 18. f4 O-O-O 19. Kh2 Rdg8 20. Rf3 f5 21. e5 Be7 22. Re3
Qd8 23. Nf3 Bxf3 24. Rxf3 Bxh4 25. Rg1 Bxg3+ 26. Rgxg3 Qh4+ 27. Kg2 Qd8 28. Qd6 Kb7
29. Rd3 Rxg3+ 30. Rxg3 Rxg3+ 31. Kxg3 Qg8+ 32. Kf2 h4 33. Qxd7+ Kb8 34. Qc6 h3 35.
Qf3 Qh8 36. Kg1 Qg8+ 37. Kh2 Qg4 38. Qxg4 fxg4 39. Ng3 Kc7 40. Nh1 Kd7 41. Kg3 f5
42. exf6 Ke8 43. Kxg4 Kf7 44. Kg5 a5 45. a4 b4 46. c3  1-0

[Event "3rd 4NCL Easter Congress"]
[Site "Mercure Daventry Court Hotel"]
[Date "2023.04.08"]
[Round "3"]
[Board "6"]
[White "Mokhber-Garcia, Sebastian"]
[Black "De Block, Gert"]
[Result "1-0"]
[WhiteElo "1537"]
[BlackElo "1600"]
[PlyCount "77"]
[EventDate "2023.04.07"]
[EventRounds "7"]
[EventCountry "ENG"]

1. d4 Nf6 2. Bf4 d6 3. e3 g6 4. Nf3 Bg7 5. Bd3 O-O 6. c3 b6 7. Nbd2 Na6 8. Qa4 Nb8
9. Ne4 Bb7 10. Nxf6+ Bxf6 11. Be2 Nd7 12. O-O Re8 13. Bb5 Bc8 14. Bc6 Rb8 15. Qxa7
Rf8 16. c4 b5 17. c5 Bg7 18. Rad1 f6 19. Bd5+ Kh8 20. c6 e5 21. dxe5 Nb6 22. Qxb8
Nxd5 23. Rxd5 Be6 24. Qxd8 Rxd8 25. Rxb5 dxe5 26. Bg3 Bc4 27. Rb7 Bxf1 28. Kxf1 Rc8
29. a4 Bf8 30. a5 Bd6 31. a6 Ra8 32. a7 Kg7 33. b4 g5 34. Nd2 f5 35. Nc4 Kf6 36.
Nxd6 cxd6 37. b5 f4 38. b6 fxg3 39. hxg3  1-0

[Event "3rd 4NCL Easter Congress"]
[Site "Mercure Daventry Court Hotel"]
[Date "2023.04.08"]
[Round "3"]
[Board "7"]
[White "D'Agnese, Mattiangelo"]
[Black "Smith, Adam"]
[Result "1-0"]
[WhiteElo "1402"]
[BlackElo "1598"]
[PlyCount "119"]
[EventDate "2023.04.07"]
[EventRounds "7"]
[EventCountry "ENG"]

1. e4 c6 2. d4 d5 3. exd5 cxd5 4. Bd3 Nc6 5. c3 Nf6 6. Bf4 Ne4 7. Nd2 Nd6 8. Qc2
g6 9. Ngf3 Bg7 10. O-O Bg4 11. Rfe1 Rc8 12. Qb3 e6 13. Qxd5 Bf5 14. Bxf5 Nxf5 15.
Qxd8+ Rxd8 16. Nc4 Nce7 17. g4 Nd5 18. gxf5 Nxf4 19. fxe6 fxe6 20. Re4 Bh6 21. Rae1
O-O 22. Nfe5 Nh3+ 23. Kg2 Nf4+ 24. Kh1 Rf5 25. Ne3 Rh5 26. N3g4 Rf8 27. Nxh6+ Rxh6
28. R1e3 Nh3 29. Ng4 Nxf2+ 30. Kg2 Nxg4 31. Rxg4 Re8 32. Rf4 g5 33. Rg4 Rg6 34. Re5
h6 35. h4 Kf7 36. hxg5 hxg5 37. Rexg5 Rxg5 38. Rxg5 Rh8 39. b3 Rc8 40. c4 Kf6 41.
Rc5 Rxc5 42. dxc5 Ke5 43. Kf3 Kd4 44. Ke2 Kxc5 45. Ke3 Kb4 46. Kd4 Ka3 47. c5 Kxa2
48. b4 Kb3 49. b5 a5 50. bxa6 bxa6 51. c6 a5 52. c7 a4 53. c8=Q a3 54. Qxe6+ Kb2
55. Qe2+ Kb3 56. Qd1+ Kb2 57. Qd2+ Kb3 58. Qc3+ Ka2 59. Qc2+ Ka1 60. Kc3  1-0

[Event "3rd 4NCL Easter Congress"]
[Site "Mercure Daventry Court Hotel"]
[Date "2023.04.08"]
[Round "3"]
[Board "8"]
[White "Wright, Benjamin"]
[Black "Fraser, Chris A"]
[Result "0-1"]
[WhiteElo "1586"]
[BlackElo "1393"]
[PlyCount "81"]
[EventDate "2023.04.07"]
[EventRounds "7"]
[EventCountry "ENG"]

1. d4 Nf6 2. c4 e6 3. Nc3 Bb4 4. a3 Bxc3+ 5. bxc3 b6 6. f3 Nc6 7. e4 e5 8. Ne2 Ba6
9. Ng3 Na5 10. dxe5 Ng8 11. Nf5 Bxc4 12. Nxg7+ Kf8 13. Nf5 Bxf1 14. Rxf1 Nc6 15.
f4 Nge7 16. Nh6 Ng8 17. Qh5 Nxh6 18. Qxh6+ Ke8 19. Qg7 Rf8 20. f5 Qh4+ 21. Rf2 Qxe4+
22. Re2 Qxf5 23. Bh6 Ke7 24. Bg5+ Ke8 25. Bh6 Ke7 26. Qf6+ Qxf6 27. exf6+ Kxf6 28.
Bxf8 Rxf8 29. Kd2 Na5 30. Kd3 Nb3 31. Rf1+ Kg7 32. Rfe1 Nc5+ 33. Kc4 Ne6 34. a4 a5
35. g3 Rg8 36. Rd1 d6 37. Kd5 Kf8 38. Rf1 Ke7 39. Ref2 Nd8 40. Rf4 Rf8 41. Rh4  0-1

[Event "3rd 4NCL Easter Congress"]
[Site "Mercure Daventry Court Hotel"]
[Date "2023.04.08"]
[Round "3"]
[Board "9"]
[White "Homer, Neil S"]
[Black "Dong, Ethan"]
[Result "0-1"]
[WhiteElo "1574"]
[BlackElo "1500"]
[PlyCount "35"]
[EventDate "2023.04.07"]
[EventRounds "7"]
[EventCountry "ENG"]

1. e4 e5 2. Nc3 Nc6 3. Bc4 Bc5 4. Qg4 Qf6 5. Nd5 Qxf2+ 6. Kd1 Kf8 7. Nh3 Qd4 8. d3
d6 9. Qf3 Bxh3 10. Nxc7 Qf2 11. Qxf2 Bxf2 12. Rf1 Bg4+ 13. Kd2 Rc8 14. Ne6+ Bxe6
15. Bxe6 fxe6 16. Rxf2+ Ke7 17. Kd1 Nf6 18. Be3  0-1

[Event "3rd 4NCL Easter Congress"]
[Site "Mercure Daventry Court Hotel"]
[Date "2023.04.08"]
[Round "3"]
[Board "11"]
[White "Shivakumar, Akshath"]
[Black "Kathuria, Dhruv"]
[Result "1-0"]
[WhiteElo "1408"]
[BlackElo "1456"]
[PlyCount "81"]
[EventDate "2023.04.07"]
[EventRounds "7"]
[EventCountry "ENG"]

1. d4 Nf6 2. c4 e6 3. Nf3 b6 4. g3 Bb7 5. Bg2 Be7 6. O-O O-O 7. b3 c5 8. Bb2 Nc6
9. Nbd2 d5 10. Rc1 Rc8 11. e3 cxd4 12. Nxd4 Nb4 13. Qe2 Qd7 14. a3 Nc6 15. N2f3 Nxd4
16. Nxd4 dxc4 17. Bxb7 Qxb7 18. Rxc4 Ne4 19. Nc6 Rxc6 20. Rxe4 Rfc8 21. Qg4 Bf8 22.
Rc4 Rxc4 23. bxc4 Qc6 24. Rc1 Qa4 25. Qd4 f6 26. Qe4 e5 27. Rc3 Rd8 28. Rd3 Rc8 29.
Rc3 Kh8 30. Qb7 Rd8 31. Rc1 Bxa3 32. Ra1 Rd1+ 33. Kg2 h6 34. Rxa3 Qc2 35. Rxa7 Qg6
36. Ba3 Ra1 37. Ra8+ Kh7 38. Bf8 Rd1 39. Ra7 Rd7 40. Qxd7 Qe4+ 41. Kh3  1-0